Modelové prístupy k meraniu strategickej výkonnosti podnikov dizertačná práca
Saved in:
| Main Author: | |
|---|---|
| Corporate Author: | |
| Other Authors: | |
| Format: | Book |
| Language: | Slovak |
| Published: |
Košice
2007
|
| Subjects: | |
| Tags: |
No Tags, Be the first to tag this record!
|
MARC
| LEADER | 00000nam$a2200000$$$4500 | ||
|---|---|---|---|
| 001 | 0064458 | ||
| 005 | 20240318125655.5 | ||
| 041 | 0 | |a slo | |
| 044 | |a SK | ||
| 245 | 1 | 0 | |a Modelové prístupy k meraniu strategickej výkonnosti podnikov |b dizertačná práca |c Lenka Dubovická ; škol. Martin Vološin |
| 264 | 1 | |a Košice |c 2007 | |
| 300 | |a 131 s. | ||
| 610 | 2 | 0 | |a výkony podnikové |
| 610 | 2 | 0 | |a stratégia podniková |
| 610 | 2 | 0 | |a modelovanie |
| 610 | 2 | 0 | |a modely |
| 610 | 2 | 0 | |a riadenie rizík |
| 100 | 1 | |a Dubovická, Lenka | |
| 700 | 1 | |a Vološin, Martin | |
| 710 | 2 | |a Ekonomická univerzita v Bratislave. Podnikovohospodárska fakulta so sídlom v Košiciach | |